17 Most Unsafe Cities in Europe - Statistics

General Stats
  • This quiz has been taken 402 times
  • The average score is 11 of 17
Answer Stats
Hint Answer % Correct
11 London
91%
12 Paris
89%
6 Madrid
83%
7(tie) Rome
82%
15(tie) Barcelona
75%
3 Athens
73%
1 Kiev
73%
17 Milan
67%
13(tie) Warsaw
67%
10 Bucharest
65%
4 Sofia
62%
5 Budapest
61%
2 Belgrade
58%
9 Zagreb
51%
7(tie) Riga
41%
13(tie) Tallinn
33%
15(tie) Belfast
18%
No matching quizzes found
Score Distribution
Percent of People with Each Score
Percentile by Number Answered
Your Score History
You have not taken this quiz